22 countries that the UK has not invaded - Statistics

General Stats
  • This quiz has been taken 37 times
  • The average score is 5 of 22
Answer Stats
Country % Correct
Andorra
52%
Vatican City
45%
Liechtenstein
41%
Mongolia
38%
Paraguay
38%
Luxembourg
34%
Bolivia
31%
Monaco
31%
Chad
21%
Mali
21%
Sweden
21%
Tajikistan
21%
Uzbekistan
21%
Belarus
17%
Kyrgyzstan
17%
Central African Republic
10%
Republic of the Congo
10%
Burundi
7%
Guatemala
7%
Marshall Islands
7%
São Tomé & Príncipe
7%
Ivory Coast
0%
No matching quizzes found
Score Distribution
Percent of People with Each Score
Percentile by Number Answered
Your Score History
You have not taken this quiz